| 000 | 00560nam a22001697a 4500 | ||
|---|---|---|---|
| 005 | 20251108165206.0 | ||
| 008 | 250721s1985 xx 000 0 ara d | ||
| 082 | 1 | 4 | _a956/ديا |
| 100 | 1 | _aأبو دياك، صالح | |
| 245 | 1 | 0 |
_aمعالم في التاريخ الإسلامي : _bمنذ عهد النبوة إلى نهاية العهد الأموي / |
| 264 | 1 |
_aعمان : _bمكتبة عمان، _c1985. |
|
| 300 | _a333ص | ||
| 650 | 1 | 7 | _aتاريخ العرب |
| 650 | 1 | 7 | _aالحضارة الإسلامية |
| 942 |
_2ddc _cBK |
||
| 999 |
_c21723 _d21723 |
||